Lịch sử kinh tế Việt Nam 1945-1975
Khái quát lịch sử kinh tế Việt Nam giai đoạn 1955-1975: kinh tế miền Bắc 1955-1975, kinh tế vùng chính quyền kiểm soát, kinh tế và đời sống vùng giải phóng...
Đã lưu trong:
| Príomhúdar: | |
|---|---|
| Formáid: | Leabhar |
| Teanga: | Undetermined |
| Foilsithe: |
Hà Nội
Khoa học Xã Hội
2005
|
| Ábhair: | |
| Clibeanna: |
Cuir Clib Leis
Gan Chlibeanna, Bí ar an gcéad duine leis an taifead seo a chlibeáil!
|
| Thư viện lưu trữ: | Trung tâm Học liệu Trường Đại học Cần Thơ |
|---|
| LEADER | 00831nam a2200217Ia 4500 | ||
|---|---|---|---|
| 001 | CTU_95686 | ||
| 008 | 210402s9999 xx 000 0 und d | ||
| 020 | |c 350000 | ||
| 082 | |a 330.09 | ||
| 082 | |b Ph431/T.2 | ||
| 100 | |a Đặng, Phong | ||
| 245 | 0 | |a Lịch sử kinh tế Việt Nam 1945-1975 | |
| 245 | 0 | |c Đặng Phong | |
| 260 | |a Hà Nội | ||
| 260 | |b Khoa học Xã Hội | ||
| 260 | |c 2005 | ||
| 520 | |a Khái quát lịch sử kinh tế Việt Nam giai đoạn 1955-1975: kinh tế miền Bắc 1955-1975, kinh tế vùng chính quyền kiểm soát, kinh tế và đời sống vùng giải phóng... | ||
| 650 | |a Vietnam,Vietnam | ||
| 650 | |x Economic aspects,Economic conditions | ||
| 904 | |i M.Loan | ||
| 980 | |a Trung tâm Học liệu Trường Đại học Cần Thơ | ||